000 00398nam a2200145Ia 4500
008 240624s9999 xx 000 0 und d
041 _aeng
082 _a658.144 COR
100 _aCORFIELD REBECCA
245 _aSUCCESSFUL INTERVIEW SKILLS HOW TO PREPARE ANSWER TOUGH Q
250 _a(5th ed.)
260 _c2010
_aNew Delhi
_bKogan Page
300 _aiv, : 140 : p. : cm. ; 21
365 _cRS
_b30
999 _c14505
_d14505